[Event "FICGS theme 0002 email"]
[Site "FICGS email"]
[Date "2020.12.04"]
[Round "1"]
[White "Ortiz, Jose"]
[Black "Sternik, Ryszard"]
[Result "0-1"]
[WhiteElo "1730"]
[BlackElo "2119"]
[PlyCount "66"]
[EventDate "2020.??.??"]
[EventType "swiss (corr)"]
[EventRounds "1"]
[SourceTitle "Corr 2022"]
[Source "ChessBase"]
[SourceDate "2021.10.24"]
[SourceVersion "1"]
[SourceVersionDate "2021.10.24"]
[SourceQuality "1"]

1. e4 e5 2. Bc4 Nf6 3. Nc3 Bc5 4. Nf3 d6 5. 0-0 a5 6. h3 0-0 7. a3 Be6 8. Be2 Nc6 9. d3 Nd4 10. Nxd4 Bxd4 11. Bg5 h6 12. Bh4 c6 13. Kh1 b5 14. f4 exf4 15. Bf3 g5 16. Be1 d5 17. Qe2 dxe4 18. Nxe4 Bxb2 19. Rb1 Bxa3 20. Bf2 Rc8 21. Bc5 Nxe4 22. Bxe4 Bxc5 23. Rbd1 Bd4 24. Qh5 Kg7 25. Rf3 f5 26. h4 Bf7 27. hxg5 Bxh5 28. Rh3 Bxd1 29. gxh6+ Kh7 30. c3 fxe4 31. cxd4 Rg8 32. dxe4 Qg5 33. Rh2 Qg3 0-1

[Event "FICGS no engines 00 email"]
[Site "FICGS email"]
[Date "2020.11.26"]
[Round "1"]
[White "Hilton, Stephen"]
[Black "Ortiz, Jose"]
[Result "1-0"]
[WhiteElo "1683"]
[BlackElo "1730"]
[PlyCount "53"]
[EventDate "2020.??.??"]
[EventType "swiss (corr)"]
[EventRounds "1"]
[SourceTitle "Corr 2022"]
[Source "ChessBase"]
[SourceDate "2021.10.24"]
[SourceVersion "1"]
[SourceVersionDate "2021.10.24"]
[SourceQuality "1"]

1. c4 e6 2. Nc3 c6 3. Nf3 Nf6 4. g3 Be7 5. Bg2 d5 6. cxd5 exd5 7. 0-0 h6 8. b3 0-0 9. Bb2 d4 10. Nb1 c5 11. b4 Nc6 12. bxc5 Bxc5 13. d3 Be6 14. Nbd2 b5 15. Nb3 Bb6 16. Rc1 Rc8 17. Nfxd4 a6 18. Nxc6 Qd6 19. Ncd4 Bxb3 20. Nxb3 Rcd8 21. Rc6 Qb8 22. Qa1 Rd6 23. Be5 Qb7 24. Rxd6 Qa7 25. Bxf6 Kh7 26. Bxg7 Rg8 27. Rxh6# 1-0

[Event "FICGS no engines 00 email"]
[Site "FICGS email"]
[Date "2020.11.26"]
[Round "1"]
[White "Ortiz, Jose"]
[Black "Foster, Duncan"]
[Result "0-1"]
[WhiteElo "1730"]
[BlackElo "1916"]
[PlyCount "36"]
[EventDate "2020.??.??"]
[EventType "swiss (corr)"]
[EventRounds "1"]
[SourceTitle "Corr 2022"]
[Source "ChessBase"]
[SourceDate "2021.10.24"]
[SourceVersion "1"]
[SourceVersionDate "2021.10.24"]
[SourceQuality "1"]

1. e4 c6 2. d4 d5 3. Nc3 dxe4 4. Bc4 Nf6 5. h3 Bf5 6. Be3 Nbd7 7. Nge2 e6 8. a3 Nb6 9. Bb3 h6 10. Ng3 Bg6 11. h4 Bd6 12. 0-0 0-0 13. h5 Bh7 14. Nce2 Nfd5 15. Bxh6 gxh6 16. c4 Nf6 17. Qc2 Ng4 18. Qd2 Qh4 0-1

[Event "FICGS class C 000286 email"]
[Site "FICGS email"]
[Date "2020.10.27"]
[Round "1"]
[White "Benone, Mateia"]
[Black "Ortiz, Jose"]
[Result "0-1"]
[WhiteElo "1816"]
[BlackElo "1744"]
[PlyCount "24"]
[EventDate "2020.??.??"]
[EventType "tourn (corr)"]
[EventRounds "4"]
[SourceTitle "Corr 2022"]
[Source "ChessBase"]
[SourceDate "2021.10.24"]
[SourceVersion "1"]
[SourceVersionDate "2021.10.24"]
[SourceQuality "1"]

1. f4 e6 2. Nf3 h6 3. e3 Nf6 4. d4 Nc6 5. Be2 d6 6. c4 Bd7 7. 0-0 Qe7 8. Nc3 a6 9. Bd2 0-0-0 10. d5 exd5 11. Nxd5 Nxd5 12. cxd5 Nb8 0-1

[Event "FICGS theme 0002 email"]
[Site "FICGS email"]
[Date "2020.10.16"]
[Round "1"]
[White "Ortiz, Jose"]
[Black "Pech, Jaroslav Sr"]
[Result "0-1"]
[WhiteElo "1744"]
[BlackElo "1878"]
[PlyCount "70"]
[EventDate "2020.??.??"]
[EventType "swiss (corr)"]
[EventRounds "1"]
[SourceTitle "Corr 2022"]
[Source "ChessBase"]
[SourceDate "2021.10.24"]
[SourceVersion "1"]
[SourceVersionDate "2021.10.24"]
[SourceQuality "1"]

1. c4 Nf6 2. Nc3 c5 3. g3 d5 4. cxd5 Nxd5 5. Bg2 Nc7 6. d3 e5 7. e4 Nc6 8. Nge2 h5 9. h3 Nb4 10. 0-0 Qxd3 11. Be3 h4 12. g4 b6 13. a3 Qxd1 14. Raxd1 Nc2 15. Bc1 Ba6 16. Rd2 Nd4 17. Rfd1 g5 18. Nxd4 cxd4 19. Nd5 Nxd5 20. Bf1 Bxf1 21. Kxf1 Nf4 22. b4 Rc8 23. Bb2 Be7 24. Kg1 Nxh3+ 25. Kh2 Nf4 26. f3 f6 27. Bxd4 exd4 28. Ra2 d3 29. Rb2 Kf7 30. a4 Rc2+ 31. Rd2 Rhc8 32. Kg1 Bxb4 33. Rdxc2 dxc2 34. Rxc2 Rxc2 35. Kf1 Nh3 0-1

[Event "FICGS class D 000270 email"]
[Site "FICGS email"]
[Date "2020.10.10"]
[Round "1"]
[White "Ortiz, Jose"]
[Black "Pelzer, Willi"]
[Result "0-1"]
[WhiteElo "1744"]
[BlackElo "1739"]
[PlyCount "46"]
[EventDate "2020.??.??"]
[EventType "tourn (corr)"]
[EventRounds "6"]
[SourceTitle "Corr 2022"]
[Source "ChessBase"]
[SourceDate "2021.10.24"]
[SourceVersion "1"]
[SourceVersionDate "2021.10.24"]
[SourceQuality "1"]

1. e4 e5 2. Bc4 Nf6 3. Nc3 c6 4. a4 a6 5. Nf3 d5 6. exd5 cxd5 7. Bb3 Bg4 8. d3 Nc6 9. h3 Bh5 10. Bg5 Bb4 11. 0-0 Bxc3 12. bxc3 d4 13. Qd2 Bxf3 14. cxd4 Nxd4 15. Bc4 Bd5 16. f4 Bxc4 17. fxe5 Ne6 18. exf6 Nxg5 19. Rae1+ Ne6 20. Re4 Bd5 21. Re5 gxf6 22. Ree1 Rg8 23. c4 Rxg2+ 0-1

[Event "FICGS unrated 00005 email"]
[Site "FICGS email"]
[Date "2019.01.06"]
[Round "1"]
[White "Valentin, Laurentiu"]
[Black "Ortiz, Jose"]
[Result "1-0"]
[WhiteElo "1219"]
[BlackElo "1766"]
[PlyCount "39"]
[EventDate "2019.??.??"]
[EventType "swiss (corr)"]
[EventRounds "1"]
[SourceTitle "Corr 2022"]
[Source "ChessBase"]
[SourceDate "2021.10.24"]
[SourceVersion "1"]
[SourceVersionDate "2021.10.24"]
[SourceQuality "1"]

1. e4 Nc6 2. d4 d5 3. e5 Bf5 4. Nf3 h6 5. Bb5 e6 6. 0-0 g5 7. c4 Nge7 8. Nc3 a6 9. Bxc6+ bxc6 10. cxd5 Nxd5 11. Be3 Bg7 12. a3 Rb8 13. Na4 g4 14. Nd2 Bd3 15. Re1 Bb5 16. Nc3 Nxc3 17. bxc3 a5 18. c4 g3 19. cxb5 cxb5 20. h3 1-0

[Event "FICGS class C 000263 email"]
[Site "FICGS email"]
[Date "2018.11.10"]
[Round "1"]
[White "Ortiz, Jose"]
[Black "Horoshilov, Andrey"]
[Result "0-1"]
[WhiteElo "1900"]
[BlackElo "1694"]
[PlyCount "78"]
[EventDate "2018.??.??"]
[EventType "tourn (corr)"]
[EventRounds "1"]
[SourceTitle "Corr 2022"]
[Source "ChessBase"]
[SourceDate "2021.10.24"]
[SourceVersion "1"]
[SourceVersionDate "2021.10.24"]
[SourceQuality "1"]

1. d4 d5 2. e3 Nc6 3. Bb5 a6 4. Bxc6+ bxc6 5. Nf3 Bg4 6. 0-0 Nf6 7. Nc3 e6 8. Re1 Bb4 9. Bd2 Rb8 10. e4 dxe4 11. Nxe4 Be7 12. h3 Bxf3 13. Qxf3 0-0 14. Bg5 Nxe4 15. Bxe7 Qxe7 16. Qxe4 Rxb2 17. Qxc6 Rb6 18. Qc4 Rfb8 19. d5 h6 20. Rad1 e5 21. a4 Rb4 22. Qxa6 R4b6 23. Qd3 f6 24. a5 Rd6 25. a6 c6 26. c4 cxd5 27. c5 Rdd8 28. f4 Qxc5+ 29. Kh1 Rb2 30. Rc1 Qf2 31. Rg1 e4 32. Qa3 Ra2 33. Qe7 Qb6 34. Rc7 Qxc7 35. Qxc7 Ra8 36. Qc6 R2xa6 37. Qxd5+ Kh8 38. Qxe4 Ra4 39. Qd5 R4a5 0-1

[Event "FICGS no engines 00 email"]
[Site "FICGS email"]
[Date "2018.11.05"]
[Round "1"]
[White "Horoshilov, Andrey"]
[Black "Ortiz, Jose"]
[Result "1-0"]
[WhiteElo "1694"]
[BlackElo "1900"]
[PlyCount "67"]
[EventDate "2018.??.??"]
[EventType "swiss (corr)"]
[EventRounds "1"]
[SourceTitle "Corr 2022"]
[Source "ChessBase"]
[SourceDate "2021.10.24"]
[SourceVersion "1"]
[SourceVersionDate "2021.10.24"]
[SourceQuality "1"]

1. e4 c5 2. Nf3 f6 3. d4 b6 4. dxc5 e5 5. Bb5 a6 6. Be2 Bxc5 7. 0-0 Bb7 8. Nc3 Ne7 9. a3 Nbc6 10. Nd5 b5 11. b4 Bd6 12. Nxf6+ gxf6 13. Qxd6 Rf8 14. Bh6 Rg8 15. Qxf6 Ng6 16. Qxd8+ Nxd8 17. Ng5 Nf7 18. Nxf7 Kxf7 19. f3 Nf4 20. Bxf4 d6 21. Bg3 Rac8 22. Rac1 Rc3 23. Rfd1 Ke7 24. Rd3 Rc6 25. Rd2 h5 26. c4 h4 27. Bf2 h3 28. g3 Bc8 29. Rdc2 Rd8 30. cxb5 Rxc2 31. Rxc2 axb5 32. Bxb5 Bd7 33. Bxd7 Rxd7 34. b5 1-0

[Event "FICGS rapid A 000226 email"]
[Site "FICGS email"]
[Date "2018.11.02"]
[Round "1"]
[White "Rodriguez Perez, Rene"]
[Black "Ortiz, Jose"]
[Result "1-0"]
[WhiteElo "2050"]
[BlackElo "1900"]
[PlyCount "49"]
[EventDate "2018.??.??"]
[EventType "tourn (rapid)"]
[EventRounds "6"]
[SourceTitle "Corr 2022"]
[Source "ChessBase"]
[SourceDate "2021.10.24"]
[SourceVersion "1"]
[SourceVersionDate "2021.10.24"]
[SourceQuality "1"]

1. e4 Nc6 2. Nf3 e5 3. Bb5 Bc5 4. c3 Nge7 5. 0-0 0-0 6. d4 exd4 7. cxd4 a6 8. Bxc6 dxc6 9. dxc5 Bd7 10. Nd4 f5 11. Qb3+ Kh8 12. Qxb7 g6 13. Nc3 fxe4 14. Bg5 Rb8 15. Qxa6 Ra8 16. Qc4 Qe8 17. Nxe4 Nd5 18. Nf3 Bf5 19. Qd4+ Kg8 20. Bh6 Rf7 21. Neg5 Nf6 22. Nxf7 Qxf7 23. Ng5 Qe7 24. Rfe1 Rd8 25. Qc4+ 1-0

[Event "FICGS W-ch st1 g07 email"]
[Site "FICGS email"]
[Date "2018.11.01"]
[Round "1"]
[White "Marciz, Alexander"]
[Black "Ortiz, Jose"]
[Result "1-0"]
[WhiteElo "2020"]
[BlackElo "1900"]
[PlyCount "35"]
[EventDate "2018.??.??"]
[EventType "tourn (corr)"]
[EventRounds "8"]
[SourceTitle "Corr 2022"]
[Source "ChessBase"]
[SourceDate "2021.10.24"]
[SourceVersion "1"]
[SourceVersionDate "2021.10.24"]
[SourceQuality "1"]

1. Nf3 g6 2. e4 d6 3. d4 Nd7 4. Bc4 Bg7 5. Bxf7+ Kxf7 6. Ng5+ Ke8 7. Ne6 Bf6 8. 0-0 Nb6 9. Nxd8 Bd7 10. Nxb7 e6 11. e5 dxe5 12. dxe5 Bxe5 13. Re1 Nc4 14. Qe2 Bb5 15. Na3 Ba6 16. Nxc4 Bf6 17. Qxe6+ Ne7 18. Qxf6 1-0

[Event "FICGS W-ch st1 g07 email"]
[Site "FICGS email"]
[Date "2018.11.01"]
[Round "1"]
[White "Ortiz, Jose"]
[Black "Meza Martinez, Alcides Ivan"]
[Result "0-1"]
[WhiteElo "1900"]
[BlackElo "2103"]
[PlyCount "38"]
[EventDate "2018.??.??"]
[EventType "tourn (corr)"]
[EventRounds "8"]
[SourceTitle "Corr 2022"]
[Source "ChessBase"]
[SourceDate "2021.10.24"]
[SourceVersion "1"]
[SourceVersionDate "2021.10.24"]
[SourceQuality "1"]

1. e4 e6 2. Bc4 d5 3. Bb5+ c6 4. Ba4 b5 5. Bb3 dxe4 6. d3 Nf6 7. h3 Bb7 8. Ne2 exd3 9. Ng3 c5 10. cxd3 Bxg2 11. Rg1 Bc6 12. Be3 Nbd7 13. Qc2 Ne5 14. Nd2 Nxd3+ 15. Kf1 c4 16. Nxc4 bxc4 17. Bxc4 Ne5 18. Be2 Rc8 19. Bxa7 Bg2+ 0-1

[Event "FICGS rapid B 000301 email"]
[Site "FICGS email"]
[Date "2018.11.01"]
[Round "1"]
[White "Perez, Alberto"]
[Black "Ortiz, Jose"]
[Result "0-1"]
[WhiteElo "1790"]
[BlackElo "1900"]
[PlyCount "50"]
[EventDate "2018.??.??"]
[EventType "tourn (rapid)"]
[EventRounds "6"]
[SourceTitle "Corr 2022"]
[Source "ChessBase"]
[SourceDate "2021.10.24"]
[SourceVersion "1"]
[SourceVersionDate "2021.10.24"]
[SourceQuality "1"]

1. c4 g6 2. Nc3 c6 3. e4 Bg7 4. d4 e6 5. d5 c5 6. Bd2 Ne7 7. d6 Nec6 8. Nb5 Na6 9. Nf3 f6 10. Bc3 0-0 11. h4 b6 12. h5 Rf7 13. hxg6 hxg6 14. a3 e5 15. Nh4 Kh7 16. Nxg6+ Bh6 17. Qh5 Kg8 18. Qxh6 Rg7 19. Qh8+ Kf7 20. Qxd8 Nxd8 21. Nh4 Ne6 22. Nf5 Rg5 23. Bd2 Nd4 24. Nbxd4 Bb7 25. Bxg5 cxd4 0-1

[Event "FICGS class C 000262 email"]
[Site "FICGS email"]
[Date "2018.10.20"]
[Round "1"]
[White "Ortiz, Jose"]
[Black "Cabrera Trujillo, Claudio Tomas"]
[Result "0-1"]
[WhiteElo "1900"]
[BlackElo "1729"]
[PlyCount "88"]
[EventDate "2018.??.??"]
[EventType "tourn (corr)"]
[EventRounds "4"]
[SourceTitle "Corr 2022"]
[Source "ChessBase"]
[SourceDate "2021.10.24"]
[SourceVersion "1"]
[SourceVersionDate "2021.10.24"]
[SourceQuality "1"]

1. e4 c5 2. Nf3 e6 3. Bc4 Nc6 4. c3 d5 5. exd5 exd5 6. Bb3 Nf6 7. Qe2+ Qe7 8. Qxe7+ Bxe7 9. 0-0 0-0 10. Na3 Bg4 11. Ne1 Be2 12. d3 Bxf1 13. Kxf1 a6 14. Bg5 Rfe8 15. Nf3 Na5 16. Bc2 Rad8 17. d4 Ne4 18. h4 Nxg5 19. hxg5 Bf8 20. Ne5 Nc6 21. Re1 Bd6 22. g6 hxg6 23. Nf3 cxd4 24. cxd4 Nb4 25. Bb1 b5 26. Ne5 Re6 27. f4 Rde8 28. g4 Rf6 29. g5 Rxf4+ 30. Kg2 Rxd4 31. Nf3 Rxe1 32. Nxe1 Nc6 33. Nf3 Rg4+ 34. Kh3 Rg3+ 35. Kh4 Rxf3 36. Bc2 Bxa3 37. Bd1 Rf1 38. Bb3 Ne5 39. Bxd5 Bxb2 40. Bb7 Rg1 41. Bxa6 Bc1 42. Bxb5 Nf3+ 43. Kh3 Bf4 44. Be2 Rg3# 0-1